| 000 | 00967nac a22002771u 4500 | ||
|---|---|---|---|
| 020 | _a0756610559(US) | ||
| 020 | _a1405302577(UK) | ||
| 082 |
_a658.406 _bP4811 |
||
| 090 |
_c2721 _d2721 |
||
| 100 | _aPeters, Thomas J. | ||
| 245 |
_aTom Peters essentials leadership/ _cTom Peters |
||
| 260 |
_aNew York: _bDK Pub. ,2005. _c2005 |
||
| 300 |
_a160p. : _bill. (chiefly col.) ; _c20 cm. |
||
| 440 | _aEssential series | ||
| 500 | _a"The essential series is adapted from re-imagine !" | ||
| 500 | _aIncludes index | ||
| 650 |
_aOrganizational change _xManagement |
||
| 650 |
_aRee-engineering _xManagement |
||
| 650 | _aLeadership | ||
| 650 | _aAbility | ||
| 650 | _aOrganizational effectiveness | ||
| 650 | _aManagement | ||
| 700 | _aPeters,Thomas J. | ||
| 942 |
_cBB _k658.406 P4811 |
||
| 999 |
_c2721 _d2721 |
||